|
|
|
|
| LEADER |
00000nam a2200000 a 4500 |
| 001 |
vtls010319717 |
| 003 |
SK-MaSNL |
| 005 |
20260301173328.0 |
| 008 |
240318s2011 xo a a p 000 0 slo |
| 015 |
|
|
|a SNBA2012/04-02380
|
| 020 |
|
|
|a 9788089365302
|q (brož.)
|
| 040 |
|
|
|a SNK
|b slo
|c SNK
|e AACR2
|
| 041 |
0 |
|
|a slo
|
| 044 |
|
|
|a xo
|c SK
|
| 072 |
|
7 |
|a 0/9-053.2
|x Literatúra pre deti a mládež (náučná)
|2 konspekt
|
| 072 |
|
7 |
|a 373.2/.3
|x Predškolská a primárna výchova a vzdelávanie
|2 konspekt
|
| 080 |
|
|
|a 373.2
|2 2001
|
| 080 |
|
|
|a 159.955
|2 2001
|
| 080 |
|
|
|a 379.82/.84
|2 2001
|
| 080 |
|
|
|a (0.053.2)
|2 2001
|
| 080 |
|
|
|a (084.053.2)
|2 2001
|
| 080 |
|
|
|a (076.1)
|2 2001
|
| 100 |
1 |
|
|a Nováková, Mária
|4 aut
|9 272673
|
| 245 |
1 |
0 |
|a Chrobáčik
|b pracovný zošit pre 3-4 ročné deti
|c [autor: Mária Nováková]
|
| 250 |
|
|
|a [1. vyd.]
|
| 260 |
|
|
|a Košice
|b NOMI
|c 2011
|
| 300 |
|
|
|a 24 s.
|b ilustr.
|c 30 cm
|
| 500 |
|
|
|a Názov z obalu
|
| 650 |
0 |
7 |
|a predškolská výchova
|2 SNKPH
|9 3959
|
| 650 |
0 |
7 |
|a rozvoj myslenia
|2 SNKPH
|9 3967
|
| 650 |
0 |
7 |
|a zručnosti a znalosti
|2 SNKPH
|9 74214
|
| 655 |
|
7 |
|a publikácie pre deti
|2 SNKPH
|9 70148
|
| 655 |
|
7 |
|a maľovanky
|2 SNKPH
|9 70662
|
| 655 |
|
7 |
|a pracovné zošity
|2 SNKPH
|9 70188
|
| 919 |
|
|
|a 978-80-89365-30-2
|
| 968 |
|
|
|d 37
|
| 999 |
|
|
|c 836364
|d 838294
|
| 952 |
|
|
|a SNK
|b SNK
|y PREZ
|7 0
|p 17A0720923
|o snkOSB 16491
|i snk2011/21411
|8 0
|0 0
|1 0
|4 0
|d 2011-10-20
|l 0
|r 2026-02-24 03:54:09
|w 2026-02-24
|
| 952 |
|
|
|a SNK
|b SNK
|y PREZ
|7 0
|p 17A1049596
|o snkOSB 16491 D1
|i snk2012/18379
|8 0
|0 0
|1 0
|4 0
|d 2012-09-20
|l 0
|r 2026-02-24 03:54:09
|w 2026-02-24
|